Library Banner

Surving schizophrenia : A manual for families, consumers, an (Record no. 9527)

MARC details
000 -LEADER
fixed length control field 00423nam a2200169Ia 4500
001 - CONTROL NUMBER
control field 8154
008 - FIXED-LENGTH DATA ELEMENTS--GENERAL INFORMATION
fixed length control field 140324s9999 xx 000 0 und d
020 ## - INTERNATIONAL STANDARD BOOK NUMBER
International Standard Book Number 0-06-095076-5
040 ## - CATALOGING SOURCE
Transcribing agency PK-LaUMT
082 ## - DEWEY DECIMAL CLASSIFICATION NUMBER
Classification number 616.8982
Item number TOR-S
100 ## - MAIN ENTRY--PERSONAL NAME
Personal name Torrey, E. Fuller
245 ## - TITLE STATEMENT
Title Surving schizophrenia : A manual for families, consumers, an
Statement of responsibility, etc Torrey, E. Fuller
260 ## - PUBLICATION, DISTRIBUTION, ETC. (IMPRINT)
Date of publication, distribution, etc 1995
300 ## - PHYSICAL DESCRIPTION
Extent 409 p.
546 ## - LANGUAGE NOTE
Language note EN
942 ## - ADDED ENTRY ELEMENTS (KOHA)
Koha item type Books
Holdings
Withdrawn status Lost status Damaged status Not for loan Home library Current library Date acquired Total Checkouts Total Renewals Full call number Barcode Date last seen Date checked out Price effective from Koha item type
        UMT Main Campus UMT Main Campus 2014-03-24 2 1 616.8982 TOR-S 9355 2022-04-27 2022-03-22 2014-03-24 Books